| 000 | 01165cam a2200265 4500 | ||
|---|---|---|---|
| 001 | ABS67045 | ||
| 008 | 030916n2003 000 0 eng u | ||
| 035 | _a(Sirsi) u123621 | ||
| 100 | _aFoxley, S. | ||
| 245 | _aInvestors: are they rational? | ||
| 260 | _c2003 | ||
| 490 |
_aEstates Gazette _v(0335) 30 August 2003, 57-58(2) |
||
| 520 | _aExamines why two closely related leading investment indices have been diverging for five years. Between the last quarter of 1998 and the second quarter of 2003, the IPD Monthly Index showed the value of standard shops grew by 9%. Over the same period the Jones Lang LaSalle/IPD/ARAS (Auction Results Analysis System) Property Price Index revealed retail property prices increasing by 43%. Discusses how this has happened and whether the divergence will continue. | ||
| 590 | _aABS | ||
| 650 | _aIPD UK MONTHLY INDEX | ||
| 650 | _aARAS | ||
| 650 | _aAUCTION SALES | ||
| 650 | _aPROPERTY INDICES | ||
| 650 | _aDIVERSION | ||
| 650 | _aINVESTORS | ||
| 650 | _aINVESTMENT PERFORMANCE | ||
| 690 | _aPROPERTY-COMMERCIAL PROPERTY-COMMERCIAL PROPERTY FINANCE AND INVESTMENT | ||
| 700 | _aAuterac, R. | ||
| 942 | _n0 | ||
| 999 |
_c73412 _d73412 |
||